| 000 | 00868nam a22002297a 4500 | ||
|---|---|---|---|
| 005 | 20121214110521.0 | ||
| 008 | 121214t xxu||||| |||| 00| 0 eng d | ||
| 010 | _aENG-106442 | ||
| 020 |
_a9788183243612 _c600.00 |
||
| 035 | _aEN-89975 | ||
| 037 | _bDBAD/PUB | ||
| 040 |
_aDPL _bEng |
||
| 082 | _a327.730728 | ||
| 100 |
_954274 _aSatapathy, R.K. |
||
| 245 |
_aUnited States and Central America : _cby R.K. Satapathy _bU.S. involvement in Nicragua / |
||
| 260 |
_aNew Delhi _bMittal Publications _c2012 |
||
| 270 |
_a4594/9 Daryaganj _bNew Delhi _e110002 |
||
| 300 |
_axv,183p. _c23cm(Hb) |
||
| 500 | _aIncludes bibliographical references and index | ||
| 942 |
_2ddc _cEN _mSAT _h327.730728 |
||
| 999 |
_c72172 _d72172 |
||